Lyrics - Måneskin #2 - Statistics

General Stats
  • This quiz has been taken 178 times
  • The average score is 245 of 374
Answer Stats
Answer % Correct
a
97%
a
95%
I
94%
mamma
93%
mia
92%
Oh
91%
you
91%
You
91%
me
83%
I'm
80%
your
78%
ma-ma-mamma
77%
the
77%
to
77%
when
77%
my
76%
the
74%
it
73%
wanna
72%
love
70%
ah
68%
but
67%
'cause
67%
'Cause
67%
not
67%
on
67%
so
67%
all
66%
All
66%
do
66%
and
65%
I'll
63%
They
63%
hot
60%
ask
58%
italiano
58%
why
58%
too
57%
touch
57%
feel
56%
knees
56%
beat
55%
body
54%
of
54%
can't
53%
drink
51%
Give
51%
in
51%
if
50%
much
50%
drugs
49%
say
49%
Spit
49%
bit
48%
police
48%
wait
48%
you're
48%
car
47%
handle
47%
drums
46%
fun
46%
just
46%
taking
46%
Tell
46%
what
46%
allowed
45%
Call
45%
fucking
45%
heat
45%
again
44%
that
44%
cross
42%
drunk
42%
get
42%
let
42%
like
42%
music's
42%
rain
42%
favorite
41%
line
41%
taste
41%
was
41%
command
40%
swear
40%
secret
38%
out
37%
sing
36%
down
35%
free
35%
keep
35%
stuck
35%
carnival
34%
freak
34%
criminal
33%
place
33%
superstar
33%
thought
33%
having
32%
loud
32%
uh-uh
32%
stolen
31%
breaking
30%
limits
30%
treat
30%
did
29%
something
29%
they've
29%
arrest
28%
eyes
28%
we'll
28%
burn
27%
No matching quizzes found
Score Distribution
Percent of People with Each Score
Percentile by Number Answered
Your Score History
You have not taken this quiz